Securing and Optimizing Linux (E-BOOK) (Record no. 191257)
[ view plain ]
| 000 -LEADER | |
|---|---|
| fixed length control field | 00782 a2200205 4500 |
| 003 - CONTROL NUMBER IDENTIFIER | |
| control field | Nust |
| 005 - DATE AND TIME OF LATEST TRANSACTION | |
| control field | 20170207154012.0 |
| 022 ## - INTERNATIONAL STANDARD SERIAL NUMBER | |
| International Standard Serial Number | 0-9700330-0-1 |
| 040 ## - CATALOGING SOURCE | |
| Transcribing agency | Nust |
| 082 ## - DEWEY DECIMAL CLASSIFICATION NUMBER | |
| Classification number | 005.43 |
| 100 ## - MAIN ENTRY--PERSONAL NAME | |
| Personal name | Mourani, Gerhard |
| 245 ## - TITLE STATEMENT | |
| Title | Securing and Optimizing Linux (E-BOOK) |
| Statement of responsibility, etc. | Gerhard Mourani |
| 250 ## - EDITION STATEMENT | |
| Edition statement | RedHat Edition |
| 260 ## - PUBLICATION, DISTRIBUTION, ETC. | |
| Place of publication, distribution, etc. | OpenDocs Publishing |
| Name of publisher, distributor, etc. | Gerhard Mourani, |
| Date of publication, distribution, etc. | 2000 |
| 300 ## - PHYSICAL DESCRIPTION | |
| Extent | 486 p |
| 440 ## - SERIES STATEMENT/ADDED ENTRY--TITLE | |
| Title | Version: 1.3 |
| 505 ## - FORMATTED CONTENTS NOTE | |
| Formatted contents note | Part I Installation-Related Reference (Page-11) Part II Security and optimization-Related Reference (Page-40) Part III Networking-Related Reference (Page-103) Part IV Software-Related Reference (Page-157) Part V Backup-Related reference (Page-459) Part VI Appendixes (Page-474) |
| 650 ## - SUBJECT ADDED ENTRY--TOPICAL TERM | |
| Topical term or geographic name entry element | Securing and Optimizing Linux |
| 651 ## - SUBJECT ADDED ENTRY--GEOGRAPHIC NAME | |
| Geographic name | E-BOOK |
| 942 ## - ADDED ENTRY ELEMENTS (KOHA) | |
| Source of classification or shelving scheme | |
| Koha item type | Book |
| Withdrawn status | Lost status | Source of classification or shelving scheme | Damaged status | Not for loan | Collection code | Permanent Location | Current Location | Date acquired | Total Checkouts | Full call number | Barcode | Date last seen | Price effective from | Koha item type |
|---|---|---|---|---|---|---|---|---|---|---|---|---|---|---|
| Military College of Signals (MCS) | Military College of Signals (MCS) | 12/12/2016 | 005.43 GER | MCSEB-630 | 12/08/2016 | 12/12/2016 | Book | |||||||
| Military College of Signals (MCS) | Military College of Signals (MCS) | 12/12/2016 | 005.43 GER | MCSEB-644 | 12/08/2016 | 12/12/2016 | Book | |||||||
| Military College of Signals (MCS) | Military College of Signals (MCS) | 12/12/2016 | 005.43 GER | MCSEB-662 | 12/08/2016 | 12/12/2016 | Book | |||||||
| Military College of Signals (MCS) | Military College of Signals (MCS) | 12/12/2016 | 005.43 GER | MCSEB-672 | 12/08/2016 | 12/12/2016 | Book |
